000 00338 a2200157 4500
001 71533
020 _a8573114738
040 _cAnchieta - Colégio São Paulo
100 _aFurnari, Eva
240 1 0 _aCaça-fumaça
_lpor
245 1 0 _aCaça-fumaça
300 _a[24]
362 0 _a2003
650 4 _aLiteratura infantil
942 _cBK
999 _c71533
_d71533